Statistiche per Animali che compaiono sugli stemmi ed emblemi degli Stati

Clicka qui per fare il quiz!

Statistiche generali

  • Questo quiz è stato fatto 1.312 volte
  • Il punteggio medio è 14 su 49

Statistiche sulle risposte

NazioniAnimali% Corretto
Germania, Russia, USA, +26 altriA{quila}
97%
AustraliaC{anguro}
72%
Paesi Bassi, Sri Lanka,
Regno Unito, +37 Altri
L{eone}
69%
MessicoSerpente a S{onagli}
59%
Ciad, Costa d'Avorio, +3 altriE{lefante}
53%
AustraliaE{mu}
53%
Malesia, SingaporeT{igre}
52%
BotswanaZ{ebra}
51%
DominicaR{ana}
45%
Giamaica, Isole SalomoneC{occodrillo}
38%
Bhutan, IslandaD{rago}
38%
Kirghizistan, Kuwait, São Tomé e Príncipe, SiriaF{alco}
38%
India, Uruguay, +9 AltriM{ucca}
38%
Dominica, St. Lucia,
São Tomé e Príncipe
P{appagallo}
35%
Isole SalomoneS{qualo}
35%
D.R. Congo, Malawi, +5 AltriL{eopardo}
31%
Kazakistan, Mongolia,
Uruguay, +7 Altri
C{avallo}
30%
Bolivia, PeruL{ama}
30%
BahamasF{enicottero}
29%
Canada, Regno UnitoU{nicorno}
29%
Namibia, Uganda, ZimbabweA{ntilope}
28%
UgandaG{ru} coronata
26%
Seychelles, Isole SalomoneT{artaruga}
26%
Bolivia, Cile, Colombia, EcuadorC{ondor}
25%
EritreaD{romedario}
25%
KenyaG{allo}
25%
Papua Nuova GuineaUccello del P{aradiso}
25%
Figi, Guinea, Grenada, TongaC{olomba}
23%
GuyanaG{iaguaro}
23%
Antigua & Barbuda, Cile,
Mauritius
C{ervo}
21%
MauritiusD{odo}
21%
Lettonia, IslandaG{rifone}
21%
Trinidad e TobagoI{bis}
19%
Trinidad eTobagoC{olibrì}
18%
Albania, Ciad, CroaziaC{apra}
17%
Nuova ZelandaP{ecora}
16%
MaliA{vvoltoio}
12%
GuyanaF{agiano}
12%
GuatemalaQ{uetzal}
12%
AustraliaC{igno}
11%
Barbados, St. Kitts & NevisP{ellicano}
11%
GrenadaA{rmadillo}
10%
BahamasM{arlin}
8%
LiechtensteinA{rpia}
6%
Isole MarshallA{ngelo}
5%
KiribatiF{regata}
5%
CroaziaM{artora}
5%
BarbadosM{ahi}-{mahi}
4%
SudanS{erpentario}
4%

Distribuzione punteggi

Percentile per numero di risposta

Percentuale di utenti per punteggio

I tuoi punteggi nel tempo

Non hai fatto questo quiz